| 000 | 00435nam a2200169 a 4500 | ||
|---|---|---|---|
| 005 | 20140412111429.0 | ||
| 008 | 090225s19uu xx 00 eng d | ||
| 020 | _a0-439-89752-1 | ||
| 050 |
_aER _bTo64 2007 |
||
| 100 | _aSkies, Cecile | ||
| 245 |
_aTotally talented pets / _cCecile Skies. |
||
| 260 |
_aU.S.A : _bScholastic, _c2007. |
||
| 300 | _aunp. | ||
| 440 | _aLittlest petshop | ||
| 650 | _aPets- fiction | ||
| 999 |
_c106331 _d106331 |
||